| 000 | 00397nam a2200169Ia 4500 | ||
|---|---|---|---|
| 001 | 13620 | ||
| 005 | 20250626030856.0 | ||
| 008 | 211022s9999 xx 000 0 und d | ||
| 082 | _a730 INT | ||
| 100 | _aInternational Steels Limited | ||
| 245 | 0 | _aArtists in Residence 2017 | |
| 260 | _aKarachi | ||
| 260 | _bInternational Steel Limited | ||
| 260 | _c2008 | ||
| 300 | _a91p. | ||
| 942 | _cARCH | ||
| 999 |
_c13468 _d13468 |
||